UBT Library

Color guide for marketing media. (Record no. 38986)

000 -LEADER
fixed length control field 00524cam a22002171 4500
001 - CONTROL NUMBER
control field 10260764
005 - DATE AND TIME OF LATEST TRANSACTION
control field 20171215043425.0
008 - FIXED-LENGTH DATA ELEMENTS--GENERAL INFORMATION
fixed length control field 731026s1954 nyua 000 0 eng
010 ## - LIBRARY OF CONGRESS CONTROL NUMBER
LC control number 54012932
035 ## - SYSTEM CONTROL NUMBER
System control number (OCoLC)728307
040 ## - CATALOGING SOURCE
Original cataloging agency DLC
Transcribing agency OClU
Modifying agency OCoLC
-- DLC
041 ## - LANGUAGE CODE
Language code of text/sound track or separate title eng
042 ## - AUTHENTICATION CODE
Authentication code premarc
080 ## - UNIVERSAL DECIMAL CLASSIFICATION NUMBER
Universal Decimal Classification number 659.1325 CHES
082 ## - DEWEY DECIMAL CLASSIFICATION NUMBER
Classification number 659.1325
100 1# - Rafti
Rafti 39
101 ## - Shkurtesa
Shkurtesa MED
245 10 - TITLE STATEMENT
Title Color guide for marketing media.
906 ## - LOCAL DATA ELEMENT F, LDF (RLIN)
a 7
b cbc
c oclcrpl
d u
e ncip
f 19
g y-gencatlg
942 ## - ADDED ENTRY ELEMENTS (KOHA)
Source of classification or shelving scheme
Item type Books
Holdings
Withdrawn status Lost status Source of classification or shelving scheme Damaged status Not for loan Collection code Permanent location Current location Shelving location Date acquired Total Checkouts Full call number Barcode Date last seen Price effective from Koha item type
          Koleksioni i përgjithshem UBT - Lipjan UBT - Lipjan Koleksioni i përgjithshem 12/15/2017   659.1325 CHES 002-29403 12/15/2017 12/15/2017 Books
UBT Library © 2015-2024. All rights reserved University Education for Business and Technology